00261nam a22000857a 4500082001500000245009700015260002600112650001000138650002700148 a664.53 REC aRecapturing the glory of the spice and essential oil industry through science and Technology aColombobIchemcc2005 aspice aessential oil industry